Výskum trhu kapitalistických štátov

Salvato in:
Dettagli Bibliografici
Autore principale: Urban, Eduard
Natura: Libro
Lingua:slovacco
Pubblicazione: Bratislava Alfa 1982
Serie:Edícia ekonomickej literatúry
Tags: Aggiungi Tag
Nessun Tag, puoi essere il primo ad aggiungerne!!

MARC

LEADER 00000nam a2200000 4500
001 c131525
005 20041019155252.6
041 0 |a slo 
044 |a SK 
245 1 0 |a Výskum trhu kapitalistických štátov  |c Eduard Urban 
264 1 |a Bratislava  |b Alfa  |c 1982 
300 |a 129 s. 
490 1 |a Edícia ekonomickej literatúry 
830 0 |a Edícia ekonomickej literatúry 
100 1 |a Urban, Eduard